[Event "SR 2. liga A 2004/2005"]
[Site "?"]
[Date "2005.02.05"]
[Round "8.3"]
[White "Cvicela, Anton"]
[Black "Hricak, Vasil"]
[Result "1-0"]
[WhiteElo "2185"]
[BlackElo "2013"]
[PlyCount "93"]
[EventDate "2004.??.??"]

1. e4 c5 2. Nf3 Nc6 3. Nc3 g6 4. d4 cxd4 5. Nxd4 Bg7 6. Be3 Nf6 7. Bc4 O-O 8.
Bb3 d6 9. f3 Na5 10. Qd2 Nxb3 11. axb3 a6 12. Bh6 Bd7 13. h4 Rc8 14. h5 Rc5 15.
hxg6 fxg6 16. Bxg7 Kxg7 17. Qh6+ Kg8 18. Nd5 Rf7 19. Nf4 Ra5 20. Rd1 Qf8 21.
Qh4 Qg7 22. Nfe6 Bxe6 23. Nxe6 g5 24. Qf2 Nxe4 25. Qb6 Qf6 26. Qd8+ Rf8 27.
Qxf8+ Qxf8 28. Nxf8 Nf6 29. Nxh7 Nxh7 30. Kd2 Nf6 31. b4 Rf5 32. Rde1 Kf7 33.
c4 e5 34. Rh8 d5 35. b3 d4 36. Rb8 g4 37. Rxb7+ Kg6 38. Rb6 Kg5 39. Rf1 Ne4+
40. Ke2 g3 41. Rxa6 Nf2 42. Re1 Kf4 43. Re6 Rh5 44. Rf6+ Rf5 45. Rxf5+ Kxf5 46.
b5 Ke6 47. b6 1-0

[Event "SR 2. liga A 2004/2005"]
[Site "?"]
[Date "2005.02.05"]
[Round "8.3"]
[White "Krajnak, Robert"]
[Black "Bebiak, Jozef"]
[Result "0-1"]
[WhiteElo "2117"]
[BlackElo "2122"]
[PlyCount "74"]
[EventDate "2004.??.??"]

1. c4 e5 2. Nc3 Nf6 3. Nf3 Nc6 4. d3 Bb4 5. Bd2 d5 6. cxd5 Nxd5 7. e4 Nf6 8. a3
Ba5 9. b4 Bb6 10. Be2 Bg4 11. b5 Nd4 12. O-O Bxf3 13. Bxf3 h6 14. a4 a5 15.
bxa6 Rxa6 16. Nb5 O-O 17. Nxd4 Bxd4 18. Rb1 b6 19. Qc2 Nd7 20. Qc4 Nc5 21. Bd1
Qd7 22. Rb5 Rfa8 23. a5 Qe6 24. Qxe6 fxe6 25. axb6 Rxb6 26. Ra5 Rf8 27. Ra3 Rb1
28. Bf3 Rfb8 29. g3 R1b3 30. Rxb3 Rxb3 31. Kg2 Nxd3 32. Ba5 Rb2 33. Bxc7 Nxf2
34. Bh5 Nxe4+ 35. Kh3 Ng5+ 36. Kg4 Rb4 37. Ba5 Rc4 0-1

[Event "SR 2. liga A 2004/2005"]
[Site "?"]
[Date "2005.02.05"]
[Round "8.3"]
[White "Machalova, Veronika"]
[Black "Jablonicky, Frantisek"]
[Result "0-1"]
[WhiteElo "2179"]
[BlackElo "2192"]
[PlyCount "112"]
[EventDate "2004.??.??"]

1. e4 c6 2. d4 d5 3. Nc3 dxe4 4. Nxe4 Nf6 5. Nxf6+ gxf6 6. Nf3 Bg4 7. Be2 e6 8.
c3 Bd6 9. Bh6 Nd7 10. Qd2 Qc7 11. h3 Bh5 12. O-O-O O-O-O 13. Kb1 Rhg8 14. g4
Bg6+ 15. Ka1 Qa5 16. Nh4 Nb6 17. Nxg6 hxg6 18. Be3 Nd5 19. h4 f5 20. Qc1 fxg4
21. Bxg4 Nf6 22. Bf3 Qf5 23. Bg2 Nd5 24. Bh3 Qf3 25. Rdg1 Bf4 26. Bg2 Bxe3 27.
Bxf3 Bxc1 28. Rxc1 Nf4 29. Kb1 e5 30. dxe5 Nd3 31. Rcd1 Nxe5 32. Be2 Rxd1+ 33.
Bxd1 Nd3 34. Bb3 Rg7 35. Rh3 Nc5 36. Bc2 Kd7 37. Kc1 Rh7 38. f4 Ke6 39. Re3+
Kf6 40. Rh3 Ne6 41. f5 gxf5 42. h5 Rh6 43. Bd1 Nf4 44. Rh2 Nd3+ 45. Kc2 Ne5 46.
Rd2 f4 47. b3 Kf5 48. Rf2 Ng4 49. Bxg4+ Kxg4 50. Kd2 f3 51. Ke3 Rxh5 52. Rxf3
Re5+ 53. Kd4 Rd5+ 54. Ke3 Rd3+ 55. Kxd3 Kxf3 56. Kd4 f5 0-1

[Event "SR 2. liga A 2004/2005"]
[Site "?"]
[Date "2005.02.05"]
[Round "8.3"]
[White "Petreje, Juraj"]
[Black "Provaznik, Michal"]
[Result "1/2-1/2"]
[WhiteElo "2192"]
[BlackElo "2192"]
[PlyCount "77"]
[EventDate "2004.??.??"]

1. d4 Nf6 2. Nf3 e6 3. Bg5 Be7 4. e3 O-O 5. Nbd2 d5 6. Bd3 b6 7. Ne5 Bb7 8. O-O
Nbd7 9. f4 Ne4 10. Bxe7 Qxe7 11. Qe2 Nxd2 12. Qxd2 f5 13. Nxd7 Qxd7 14. Qe2 c5
15. c3 Bc6 16. Rf3 a6 17. Kh1 Bb5 18. Rg1 Bxd3 19. Qxd3 Rf6 20. g4 fxg4 21.
Rxg4 g6 22. Rg5 Rf5 23. Rfg3 Qb5 24. Qxb5 axb5 25. a3 b4 26. axb4 cxb4 27. cxb4
Ra4 28. Rg2 Rxb4 29. Rc2 Rf7 30. Rgg2 Ra7 31. Rge2 Kf7 32. Kg2 Kf6 33. Kf3 Ra1
34. Rc7 Rf1+ 35. Kg2 Rb1 36. Rcc2 Kf5 37. Kf3 Rf1+ 38. Kg2 Rb1 39. Kf3 1/2-1/2

[Event "SR 2. liga A 2004/2005"]
[Site "?"]
[Date "2005.02.05"]
[Round "8.3"]
[White "Seitler, Andrej"]
[Black "Bury, Rastislav"]
[Result "1/2-1/2"]
[WhiteElo "2201"]
[BlackElo "2053"]
[PlyCount "42"]
[EventDate "2004.??.??"]

1. e4 c6 2. d4 d5 3. e5 Bf5 4. Nf3 e6 5. Be2 c5 6. c3 Nc6 7. O-O cxd4 8. cxd4
Bb4 9. a3 Ba5 10. Bg5 Nge7 11. b4 Bb6 12. b5 Na5 13. Nh4 Bg6 14. Nxg6 hxg6 15.
Qd3 Qd7 16. Nd2 Nc4 17. a4 Nxd2 18. Bxd2 Nf5 19. Be3 Qe7 20. g3 Ba5 21. Rfc1
Nxe3 1/2-1/2

[Event "SR 2. liga A 2004/2005"]
[Site "?"]
[Date "2005.02.05"]
[Round "8.4"]
[White "Kovarik, Oto"]
[Black "Bronis, Marian"]
[Result "1-0"]
[WhiteElo "2100"]
[BlackElo "2161"]
[PlyCount "25"]
[EventDate "2004.??.??"]

1. e4 b6 2. d4 Bb7 3. Bd3 Nf6 4. Qe2 e6 5. Nf3 d5 6. e5 Nfd7 7. Ng5 c5 8. Nxe6
fxe6 9. Qh5+ Ke7 10. Bg5+ Nf6 11. exf6+ gxf6 12. Bxf6+ Kxf6 13. Qh4+ 1-0

[Event "SR 2. liga A 2004/2005"]
[Site "?"]
[Date "2005.02.05"]
[Round "8.4"]
[White "Lauf, Pavol"]
[Black "Hecko, Dusan"]
[Result "1-0"]
[WhiteElo "2120"]
[BlackElo "2137"]
[PlyCount "69"]
[EventDate "2004.??.??"]

1. c4 Nf6 2. Nc3 e5 3. g3 Nc6 4. Bg2 Be7 5. e3 d6 6. Nge2 O-O 7. O-O Bd7 8. d4
Qc8 9. Re1 g6 10. b3 Nh5 11. Nd5 Bd8 12. dxe5 dxe5 13. Ba3 Re8 14. Qd2 Ne7 15.
Red1 Be6 16. Bb2 f6 17. Rac1 c6 18. Ndc3 Bc7 19. Ne4 Rf8 20. Qb4 Rf7 21. Nc5
Rb8 22. Rd2 f5 23. Nd3 e4 24. Qc3 Nf6 25. Ne5 Rf8 26. Rcd1 g5 27. Qb4 Ng6 28.
Nxg6 hxg6 29. Nd4 Rf7 30. f3 Be5 31. f4 gxf4 32. gxf4 Bc7 33. Qc3 Rh7 34. Nxe6
Qxe6 35. Qxf6 1-0

[Event "SR 2. liga A 2004/2005"]
[Site "?"]
[Date "2005.02.05"]
[Round "8.4"]
[White "Minich, Peter"]
[Black "Sarmir, Milos"]
[Result "0-1"]
[WhiteElo "2210"]
[BlackElo "2151"]
[PlyCount "110"]
[EventDate "2004.??.??"]

1. e4 e5 2. Nf3 Nc6 3. Bb5 a6 4. Ba4 Nf6 5. O-O Be7 6. d3 b5 7. Bb3 d6 8. c3
O-O 9. Bg5 Na5 10. Bc2 c5 11. Nbd2 Qc7 12. Re1 Be6 13. Nf1 Nc6 14. Ne3 b4 15.
d4 cxd4 16. cxd4 Bg4 17. Nxg4 Nxg4 18. Ba4 Nd8 19. Rc1 Qa7 20. Bxe7 Qxe7 21.
dxe5 Nxe5 22. Nd4 Qf6 23. Nf5 Nb7 24. Rc7 Nc5 25. Bc2 Rad8 26. Ne7+ Kh8 27. Nd5
Qh4 28. g3 Qh3 29. f4 Ng4 30. Qd2 Rde8 31. Nxb4 f5 32. e5 Ne6 33. Rc6 dxe5 34.
Bxf5 Nd4 35. Bxg4 Qxg4 36. Rc3 exf4 37. Rxe8 Rxe8 38. Qxd4 Re1+ 39. Kg2 f3+ 40.
Rxf3 Re2+ 41. Rf2 Qxd4 42. Rxe2 h5 43. Nxa6 Qc4 44. Rf2 Qxa6 45. h4 Qxa2 46. b4
Qd5+ 47. Kh2 Kh7 48. Rf4 Kh6 49. Kg1 Qd2 50. Kh1 g5 51. hxg5+ Kxg5 52. Kg1 Qe2
53. Kh1 h4 54. Rxh4 Qf2 55. Rh3 Kg4 0-1

[Event "SR 2. liga A 2004/2005"]
[Site "?"]
[Date "2005.02.05"]
[Round "8.4"]
[White "Petenyi, Tamas"]
[Black "Hartl, Jan"]
[Result "1/2-1/2"]
[WhiteElo "2037"]
[BlackElo "2158"]
[PlyCount "151"]
[EventDate "2004.??.??"]

1. e4 d5 2. exd5 Nf6 3. Nf3 Nxd5 4. d4 e6 5. Be2 Be7 6. O-O O-O 7. c4 Nf6 8.
Nc3 b6 9. Bf4 Bb7 10. Qc2 c5 11. dxc5 Bxc5 12. Rad1 Qc8 13. Nb5 Na6 14. Nd6
Bxd6 15. Bxd6 Re8 16. Be5 Nc5 17. Bxf6 gxf6 18. Qc1 e5 19. Qh6 Qe6 20. Rfe1 a5
21. Bd3 e4 22. Nd4 Qg4 23. Be2 Qg6 24. Qxg6+ fxg6 25. Nb5 Red8 26. Rd6 Rxd6 27.
Nxd6 Bc6 28. Rd1 Rd8 29. b3 Kf8 30. Kf1 Ke7 31. Nb5 Rxd1+ 32. Bxd1 Bxb5 33.
cxb5 Kd6 34. Ke2 Ke5 35. Ke3 Ne6 36. f3 f5 37. fxe4 f4+ 38. Kd3 Nc5+ 39. Kc4
Nxe4 40. a4 Nd6+ 41. Kc3 g5 42. Bf3 Ne4+ 43. Kd3 Nf6 44. Bc6 g4 45. Kc4 Kd6 46.
Kd4 h5 47. h3 Ke6 48. hxg4 hxg4 49. Bb7 Kd6 50. Bc6 Ke6 51. Bb7 Kf5 52. Bc8+
Kg5 53. b4 axb4 54. a5 f3 55. gxf3 g3 56. Bh3 bxa5 57. b6 Nd7 58. b7 Nb8 59.
Ke3 Kh4 60. Be6 a4 61. Ke2 b3 62. Kf1 Kg5 63. Kg2 Kf4 64. Bg8 b2 65. Ba2 a3 66.
Bb1 Na6 67. Ba2 Ke3 68. Kxg3 Kd2 69. f4 Kc1 70. f5 b1=Q 71. Bxb1 Kxb1 72. f6 a2
73. f7 a1=Q 74. f8=Q Qe5+ 75. Qf4 Qg7+ 76. Kf3 1/2-1/2

[Event "SR 2. liga A 2004/2005"]
[Site "?"]
[Date "2005.02.05"]
[Round "8.4"]
[White "Szollos, Ondrej"]
[Black "Breja, Stanislav"]
[Result "0-1"]
[WhiteElo "2101"]
[BlackElo "2131"]
[PlyCount "140"]
[EventDate "2004.??.??"]

1. Nf3 Nf6 2. d3 d5 3. c3 Bf5 4. Bg5 Nbd7 5. Nbd2 h6 6. Bh4 c6 7. Qc2 Bh7 8. a4
e5 9. Bxf6 Qxf6 10. e4 dxe4 11. dxe4 a5 12. g3 Nc5 13. Bg2 Be7 14. O-O O-O 15.
Nh4 Qe6 16. Nf5 Bg5 17. f4 exf4 18. gxf4 Bd8 19. Nd4 Qg4 20. Nc4 Bxe4 21. Qf2
Bh4 22. Qd2 Qxg2+ 23. Qxg2 Bxg2 24. Kxg2 Rfd8 25. Kf3 Bf6 26. Ne5 Bxe5 27. fxe5
Nd3 28. Ke4 Nc5+ 29. Kf4 Rd7 30. Rf3 Rad8 31. Rg3 Ne6+ 32. Nxe6 fxe6 33. Rag1
Rf8+ 34. Ke4 Rf2 35. Rg6 Re2+ 36. Kf3 Rxe5 37. Kf4 Re2 38. Kf3 Rxb2 39. Rxh6
Rb3 40. Rxe6 Rxc3+ 41. Kg2 Rd2+ 42. Kh1 Rcc2 43. Rh6 Rf2 44. Rh4 Rb2 45. Rd1
Kf7 46. Kg1 g5 47. Rh7+ Ke6 48. Rh6+ Ke5 49. Rh8 Rfd2 50. Rc1 Kd6 51. Rh5 Rg2+
52. Kh1 c5 53. Rd1+ Kc6 54. Rh6+ Kc7 55. Rc1 b6 56. Rd1 Rgd2 57. Rg1 Rd5 58.
Rh5 Rb4 59. Rhxg5 Rxg5 60. Rxg5 Rxa4 61. Kg2 c4 62. Kf3 c3 63. Ke3 c2 64. Kd2
Rc4 65. Kc1 Rc5 66. Rg4 b5 67. h4 b4 68. Rg1 a4 69. h5 a3 70. h6 a2 0-1

[Event "SR 2. liga A 2004/2005"]
[Site "?"]
[Date "2005.02.05"]
[Round "8.4"]
[White "Vrba, Michal"]
[Black "Lahucky, Pavol"]
[Result "1/2-1/2"]
[WhiteElo "1879"]
[BlackElo "2089"]
[PlyCount "88"]
[EventDate "2004.??.??"]

1. e4 e5 2. Nf3 Nc6 3. Bc4 Nf6 4. Ng5 d5 5. exd5 b5 6. Bxb5 Qxd5 7. Nc3 Qxg2 8.
Qf3 Qxf3 9. Nxf3 Bd7 10. O-O Bd6 11. d3 O-O 12. Ne4 Nxe4 13. dxe4 a6 14. Ba4
Rad8 15. Kg2 h6 16. c3 Ne7 17. Bxd7 Rxd7 18. Rd1 Rfd8 19. Be3 f6 20. Rd2 Kf7
21. Rad1 Ke8 22. a3 g5 23. c4 Ng6 24. b4 Bf8 25. Rxd7 Rxd7 26. Rxd7 Kxd7 27.
Kf1 Ke6 28. Ke2 g4 29. Ne1 Nh4 30. Bd2 f5 31. exf5+ Nxf5 32. Kd3 c6 33. a4 h5
34. Bc3 Bg7 35. Bd2 Bf8 36. Bc3 Be7 37. Bd2 Bh4 38. Ke2 Nd6 39. Ng2 Be7 40. Ne3
Ne4 41. Be1 Ng5 42. Bc3 Nf3 43. Nf1 Bg5 44. b5 cxb5 1/2-1/2

[Event "SR 2. liga A 2004/2005"]
[Site "?"]
[Date "2005.02.05"]
[Round "8.5"]
[White "Gajarsky, Roman"]
[Black "Prielozny, Marek"]
[Result "1-0"]
[WhiteElo "2025"]
[BlackElo "1990"]
[PlyCount "53"]
[EventDate "2004.??.??"]

1. e4 e6 2. c4 d5 3. cxd5 exd5 4. e5 c5 5. d4 Nc6 6. Bb5 Qb6 7. Bxc6+ bxc6 8.
Nf3 cxd4 9. Qxd4 Bc5 10. Qh4 Ba6 11. Nc3 Ne7 12. Bd2 Nf5 13. Qf4 Bxf2+ 14. Kd1
g6 15. Re1 Bxe1 16. Nxe1 Qd4 17. Qxd4 Nxd4 18. Be3 Ne6 19. Bh6 O-O-O 20. Rc1
Rhe8 21. Nf3 Bd3 22. Kd2 Be4 23. Nb5 Kd7 24. Nd6 Re7 25. Ng5 Bxg2 26. Ngxf7 Rf8
27. b3 {Dalsi priebeh som si netrufol rekonstruovat, jeden partiar je
necitatelny a druhy plny chyb. Ak mi niektory zo superov posle zapis, partiu
dohram. Hecko} 1-0

[Event "SR 2. liga A 2004/2005"]
[Site "?"]
[Date "2005.02.05"]
[Round "8.5"]
[White "Hanes, Mojmir"]
[Black "Syrovy, Ivan"]
[Result "1-0"]
[WhiteElo "2066"]
[BlackElo "2069"]
[PlyCount "35"]
[EventDate "2004.??.??"]

1. e4 c6 2. d4 d5 3. exd5 cxd5 4. c4 Nf6 5. Nc3 e6 6. Nf3 Nc6 7. Bf4 Bb4 8. a3
Bxc3+ 9. bxc3 Qa5 10. Qb3 Ne4 11. Rc1 O-O 12. Bd3 h6 13. O-O g5 14. Be3 f5 15.
cxd5 exd5 16. c4 Nf6 17. cxd5 Nxd5 18. Rc5 1-0

[Event "SR 2. liga A 2004/2005"]
[Site "?"]
[Date "2005.02.05"]
[Round "8.5"]
[White "Kebis, Milos"]
[Black "Kubis, Ivan"]
[Result "1/2-1/2"]
[WhiteElo "2082"]
[BlackElo "2064"]
[PlyCount "82"]
[EventDate "2004.??.??"]

1. c4 e5 2. Nc3 Nc6 3. g3 Nf6 4. Bg2 Bb4 5. a3 Bxc3 6. dxc3 O-O 7. Nf3 d6 8.
O-O Be6 9. b3 Qd7 10. Ng5 Bf5 11. e4 Bg6 12. f3 h6 13. Nh3 Rae8 14. Nf2 Nh5 15.
Ra2 a5 16. Be3 Qe7 17. Qd5 Kh7 18. Qb5 Nd8 19. Qxa5 Ne6 20. Qd5 f5 21. exf5
Bxf5 22. Qd2 Bg6 23. a4 Rf7 24. a5 Ref8 25. Ng4 Nhf4 26. gxf4 exf4 27. Re1 fxe3
28. Qxe3 Bf5 29. Rae2 h5 30. Nf2 Qh4 31. Ne4 Nf4 32. Rd2 Bh3 33. Bf1 Kh8 34.
Qf2 Qxf2+ 35. Kxf2 Bxf1 36. Rxf1 Rf5 37. b4 g5 38. Ke3 g4 39. Rdf2 Nh3 40. Rg2
gxf3 41. Rg3 Nf4 1/2-1/2

[Event "SR 2. liga A 2004/2005"]
[Site "?"]
[Date "2005.02.05"]
[Round "8.5"]
[White "Kruppa, Dominik"]
[Black "Bednar, Jan"]
[Result "0-1"]
[WhiteElo "2029"]
[BlackElo "2103"]
[PlyCount "138"]
[EventDate "2004.??.??"]

1. e4 e5 2. Nf3 Nc6 3. Bb5 a6 4. Ba4 Nf6 5. O-O Be7 6. Re1 b5 7. Bb3 d6 8. c3
O-O 9. h3 Bb7 10. d4 Re8 11. Nbd2 Bf8 12. d5 Nb8 13. Nf1 c6 14. dxc6 Nxc6 15.
Ng3 h6 16. Nh2 Na5 17. Bc2 Rc8 18. Ng4 Nc4 19. Qf3 Nxg4 20. Qxg4 Qf6 21. Nf5
Kh7 22. Ne3 Qe6 23. Qxe6 fxe6 24. f3 g6 25. Ng4 Bg7 26. b3 Nb6 27. Bb2 h5 28.
Nf2 d5 29. Bd3 Rc7 30. Bf1 Rec8 31. exd5 exd5 32. c4 dxc4 33. bxc4 Nxc4 34.
Bxc4 bxc4 35. Bxe5 Bxe5 36. Rxe5 c3 37. Rc1 Rd8 38. Re3 c2 39. Re2 Rdc8 40. Nd3
a5 41. Ne1 Bd5 42. Rcxc2 Rxc2 43. Nxc2 Bxa2 44. Nd4 Bb1 45. Re7+ Kg8 46. Ra7
Rc4 47. Ne2 Bd3 48. Ng3 a4 49. Ne4 Bc2 50. Kf2 Kf8 51. Rd7 Rc6 52. Ke3 Bxe4 53.
fxe4 Ra6 54. Rd2 a3 55. Ra2 Ke7 56. Kf4 Ra5 57. e5 Ke6 58. Kg5 Kxe5 59. Kxg6
Kf4 60. Kh6 h4 61. Kg7 Ra6 62. Kf7 Ke4 63. Kg7 Kd4 64. g4 hxg3 65. h4 Ke5 66.
h5 Kf5 67. h6 Ra7+ 68. Kg8 Kg6 69. h7 Ra8# 0-1

[Event "SR 2. liga A 2004/2005"]
[Site "?"]
[Date "2005.02.05"]
[Round "8.5"]
[White "Rohackova, Veronika"]
[Black "Szitkey, Milan"]
[Result "1/2-1/2"]
[WhiteElo "2058"]
[BlackElo "2217"]
[PlyCount "39"]
[EventDate "2004.??.??"]

1. e4 e6 2. d4 d5 3. Nd2 Nf6 4. e5 Nfd7 5. Bd3 c5 6. c3 Nc6 7. Ne2 cxd4 8. cxd4
f6 9. exf6 Nxf6 10. O-O Bd6 11. Nf3 O-O 12. Bg5 e5 13. dxe5 Nxe5 14. Nc3 Bg4
15. Be2 Nf7 16. Bxf6 Qxf6 17. Qxd5 Rad8 18. Qe4 Nh6 19. Qd5+ Nf7 20. Qe4
1/2-1/2

[Event "SR 2. liga A 2004/2005"]
[Site "?"]
[Date "2005.02.05"]
[Round "8.5"]
[White "Sorsak, Jozef S"]
[Black "Farkas, Gabor"]
[Result "0-1"]
[WhiteElo "2100"]
[BlackElo "2072"]
[PlyCount "64"]
[EventDate "2004.??.??"]

1. b3 e5 2. d3 d5 3. Nf3 Nc6 4. Bb2 Bd6 5. g3 Nf6 6. Bg2 Be6 7. Nbd2 Qd7 8. Ng5
O-O-O 9. c4 Bc5 10. a3 Ng4 11. O-O Rdf8 12. e3 Nxe3 13. fxe3 Bxe3+ 14. Kh1 Bxg5
15. Nf3 Bf6 16. Re1 e4 17. cxd5 Bxb2 18. dxe6 fxe6 19. Rxe4 Bxa1 20. Qxa1 Qxd3
21. Ng5 Rf6 22. Nxe6 Qc2 23. Nf4 Rd8 24. Re1 a6 25. Nd5 Rf2 26. Ne3 Qb2 27.
Qxb2 Rxb2 28. b4 Re8 29. Kg1 Nd4 30. Kf1 Rf8+ 31. Kg1 Ne2+ 32. Kh1 Re8 0-1

[Event "SR 2. liga A 2004/2005"]
[Site "?"]
[Date "2005.02.05"]
[Round "8.6"]
[White "Bednar, Miroslav"]
[Black "Zamecnik, Frantisek"]
[Result "1/2-1/2"]
[WhiteElo "2066"]
[BlackElo "2102"]
[PlyCount "49"]
[EventDate "2004.??.??"]

1. e4 e5 2. Nf3 Nf6 3. Nc3 Nc6 4. Bb5 d6 5. d4 exd4 6. Nxd4 Bd7 7. Bxc6 bxc6 8.
O-O Be7 9. f4 O-O 10. Qd3 Rb8 11. b3 Re8 12. Bd2 d5 13. e5 Ng4 14. h3 Nh6 15.
f5 Bg5 16. f6 Bxd2 17. Qxd2 Rxe5 18. Rae1 Rxe1 19. Qxe1 g6 20. Qe3 Qf8 21. g4
c5 22. Nf5 Nxf5 23. gxf5 d4 24. Qd3 Bxf5 25. Rxf5 1/2-1/2

[Event "SR 2. liga A 2004/2005"]
[Site "?"]
[Date "2005.02.05"]
[Round "8.6"]
[White "Bilovsky, Milan"]
[Black "Sukuba, Zdeno"]
[Result "1/2-1/2"]
[WhiteElo "1875"]
[BlackElo "2102"]
[PlyCount "103"]
[EventDate "2004.??.??"]

1. c4 c5 2. Nc3 g6 3. g3 Bg7 4. Bg2 Nc6 5. e3 e5 6. Nge2 Nge7 7. O-O O-O 8. f4
d6 9. d3 Rb8 10. Rb1 a6 11. a4 Bd7 12. Ne4 f5 13. Nf2 Be6 14. e4 b5 15. exf5
gxf5 16. fxe5 dxe5 17. Bg5 Qd7 18. axb5 axb5 19. b3 h6 20. Be3 Nd4 21. Qd2 Kh7
22. b4 bxc4 23. bxc5 Nxe2+ 24. Qxe2 cxd3 25. Nxd3 Nd5 26. Bd2 e4 27. Nf4 Bd4+
28. Kh1 Nxf4 29. Bxf4 Rxb1 30. Rxb1 Bxc5 31. Qh5 Rf6 32. Bxe4 Bd5 33. Bg2 Qe6
34. Rd1 Qe4 35. Qh3 Rb6 36. Bxe4 Bxe4+ 37. Qg2 Rb2 38. Qxe4 fxe4 39. Re1 Rb4
40. Be3 Bxe3 41. Rxe3 Kg6 42. Kg2 Rb2+ 43. Kf1 Kf5 44. Re2 Rb3 45. Kf2 Ke5 46.
Rc2 Kd4 47. Ke2 e3 48. Ra2 Rb4 49. Kf3 Rb8 50. Ra4+ Kd3 51. Ra3+ Kd2 52. Ra2+
1/2-1/2

[Event "SR 2. liga A 2004/2005"]
[Site "?"]
[Date "2005.02.05"]
[Round "8.6"]
[White "Kersten, Juraj"]
[Black "Slamena, Michal"]
[Result "0-1"]
[WhiteElo "1923"]
[BlackElo "2089"]
[PlyCount "79"]
[EventDate "2004.??.??"]

1. e4 e5 2. Nf3 Nc6 3. d4 exd4 4. Bc4 Nf6 5. e5 d5 6. Bb5 Ne4 7. Nxd4 Bd7 8.
Bxc6 bxc6 9. O-O g6 10. f3 Ng5 11. f4 Ne6 12. f5 Nxd4 13. fxg6 hxg6 14. Qxd4
Bf5 15. Nc3 Rh4 16. Bf4 Rb8 17. a3 Rxb2 18. Nxd5 Rxc2 19. Nf6+ Qxf6 20. Rab1
Qd8 21. Qxd8+ Kxd8 22. Bg5+ Kc8 23. Bxh4 Bc5+ 24. Kh1 Be4 25. Rg1 Bxg1 26. Rxg1
c5 27. Bg5 Kd7 28. h4 Ke6 29. Bf6 c4 30. Kh2 c3 31. Kg3 Rb2 32. Bg5 Kxe5 33.
Bf4+ Kd4 34. Rd1+ Kc4 35. Rg1 c5 36. Bc1 Kb3 37. Kf4 Rxg2 38. Rf1 f5 39. Ke3
Rg4 40. Re1 0-1

[Event "SR 2. liga A 2004/2005"]
[Site "?"]
[Date "2005.02.05"]
[Round "8.6"]
[White "Novak, Stanislav"]
[Black "Varga, David"]
[Result "0-1"]
[WhiteElo "2055"]
[BlackElo "2044"]
[PlyCount "109"]
[EventDate "2004.??.??"]

1. e4 d6 2. d4 Nf6 3. Nc3 g6 4. Bc4 Bg7 5. Bb3 O-O 6. Bg5 Nbd7 7. Nf3 e5 8.
dxe5 dxe5 9. Qe2 c6 10. O-O Qe7 11. Rfd1 Nc5 12. Qe3 Nxb3 13. axb3 a6 14. h3
Qc7 15. Na4 Re8 16. Nb6 Rb8 17. Nc4 Nd7 18. Rd2 Bf8 19. Rad1 f6 20. Bh4 Re6 21.
Qc3 b5 22. Ne3 c5 23. Rxd7 Bxd7 24. Nd5 Qc6 25. Nxf6+ Rxf6 26. Nxe5 Rd6 27.
Nxc6 Rxd1+ 28. Kh2 Bxc6 29. Bg3 Bg7 30. Qxc5 Rc8 31. Qe7 Re8 32. Qc7 Bxe4 33.
c4 Bf5 34. c5 h6 35. c6 g5 36. Qb6 h5 37. f4 h4 38. Bf2 gxf4 39. c7 f3 40. gxf3
Be5+ 41. Kg2 Kh7 42. Be3 Rg8+ 43. Kf2 Rd6 44. Qc5 Bg3+ 45. Ke2 Bd3+ 46. Kd2
Be4+ 47. Bd4 Bf4+ 48. Ke2 Rxd4 49. Qxd4 Bxf3+ 50. Kxf3 Bxc7 51. Qxh4+ Kg7 52.
Qe7+ Kg6 53. Qe4+ Kf7 54. Qd5+ Kf8 55. Qc5+ 0-1

[Event "SR 2. liga A 2004/2005"]
[Site "?"]
[Date "2005.02.05"]
[Round "8.6"]
[White "Puskas, Miroslav"]
[Black "Machalova, Erika"]
[Result "1-0"]
[WhiteElo "2101"]
[BlackElo "2032"]
[PlyCount "135"]
[EventDate "2004.??.??"]

1. e4 c5 2. Nf3 d6 3. d4 cxd4 4. Nxd4 Nf6 5. Nc3 a6 6. a4 b6 7. Bd3 e6 8. O-O
Bb7 9. Be3 Nbd7 10. f4 Qc7 11. Qe2 Nc5 12. Bf2 Be7 13. Rad1 O-O 14. Kh1 Rfd8
15. e5 Nd5 16. Nxd5 Bxd5 17. b3 Qb7 18. Bg1 Nxd3 19. Rxd3 Be4 20. Re3 dxe5 21.
Rxe4 exd4 22. Rxd4 Bf6 23. Rxd8+ Rxd8 24. Rd1 Rxd1 25. Qxd1 g6 26. Qf3 Qxf3 27.
gxf3 Bd8 28. Bd4 Kf8 29. c4 Ke7 30. Kg1 Kd7 31. Kf2 Kc6 32. Ke3 Be7 33. h3 Bd6
34. Be5 Ba3 35. Kd3 Bc1 36. b4 Ba3 37. b5+ axb5 38. axb5+ Kd7 39. Bd4 Kc7 40.
Ke4 Bf8 41. Be5+ Kd7 42. Bd4 Kc7 43. Be5+ Kb7 44. Bf6 Bd6 45. Bd4 Kc7 46. Bf6
Bc5 47. Kd3 Kd7 48. Ke4 Kd6 49. Kd3 Bf2 50. Be5+ Ke7 51. Bc3 Bc5 52. Be5 f6 53.
Bc3 h6 54. Ke4 g5 55. f5 Bd6 56. Bd4 Bc7 57. c5 bxc5 58. Bxc5+ Kd7 59. Ba7
exf5+ 60. Kxf5 Be5 61. Kg6 Kc7 62. Kxh6 Kb7 63. Bc5 Bc3 64. Kg6 Be5 65. Be7 Kb6
66. Bxf6 Bd6 67. Kxg5 Kxb5 68. h4 1-0

[Event "SR 2. liga A 2004/2005"]
[Site "?"]
[Date "2005.02.05"]
[Round "8.6"]
[White "Stefan, Oldrich"]
[Black "Hanzluvka, Peter"]
[Result "0-1"]
[WhiteElo "2085"]
[BlackElo "2081"]
[PlyCount "83"]
[EventDate "2004.??.??"]

1. d4 d5 2. Nf3 Nf6 3. c4 e6 4. Nc3 c6 5. e3 Nbd7 6. Qc2 Be7 7. b3 Qa5 8. Bd2
Qd8 9. Be2 O-O 10. O-O a6 11. e4 dxe4 12. Nxe4 Nxe4 13. Qxe4 Nf6 14. Qc2 b6 15.
Ne5 Bb7 16. Bc3 Qc7 17. Bf3 Rad8 18. Rad1 a5 19. Qd2 c5 20. Qf4 Bxf3 21. Qxf3
cxd4 22. Rxd4 Rxd4 23. Bxd4 Bc5 24. Bc3 Rd8 25. Ng4 Nxg4 26. Qxg4 e5 27. Qe2
Bd4 28. Bxd4 Rxd4 29. Rd1 Qd6 30. Rxd4 Qxd4 31. g3 f6 32. Qe3 Qxe3 33. fxe3 e4
34. Kf1 Kf7 35. Ke2 Ke6 36. Kd2 f5 37. Kc3 Ke5 38. h4 g6 39. a3 h6 40. b4 g5
41. hxg5 hxg5 42. Kd2 0-1

[Event "SR 2. liga A 2004/2005"]
[Site "?"]
[Date "2005.02.05"]
[Round "8.7"]
[White "Farkas, Vladimir"]
[Black "Puobis, Jozef"]
[Result "1/2-1/2"]
[WhiteElo "2073"]
[BlackElo "2061"]
[PlyCount "41"]
[EventDate "2004.??.??"]

1. Nf3 d5 2. d3 Nf6 3. g3 Bg4 4. Bg2 Nbd7 5. Nbd2 Nb6 6. h3 Bxf3 7. Nxf3 e6 8.
O-O Bd6 9. c3 O-O 10. Qc2 c6 11. e4 dxe4 12. dxe4 Qc7 13. Qe2 Nfd7 14. Rd1 Ne5
15. Nxe5 Bxe5 16. Be3 Rad8 17. Bg5 f6 18. Be3 Qe7 19. Bf1 Bc7 20. Qc2 Kh8 21.
Rxd8 1/2-1/2

[Event "SR 2. liga A 2004/2005"]
[Site "?"]
[Date "2005.02.05"]
[Round "8.7"]
[White "Kleman, Miroslav"]
[Black "Mosny, Jaroslav"]
[Result "1-0"]
[WhiteElo "2142"]
[BlackElo "2043"]
[PlyCount "69"]
[EventDate "2004.??.??"]

1. Nf3 d5 2. g3 e6 3. Bg2 f5 4. c4 c6 5. b3 Nf6 6. Bb2 Bd6 7. d3 O-O 8. Nbd2
Nbd7 9. Qc2 Qe7 10. O-O e5 11. cxd5 cxd5 12. e4 fxe4 13. dxe4 d4 14. Nc4 b6 15.
Nfd2 Bc5 16. a4 Ba6 17. h3 Rac8 18. Kh2 Nh5 19. Qd1 Ndf6 20. f4 exf4 21. gxf4
Nxf4 22. Rxf4 Bd6 23. Nxd6 Qxd6 24. Qf3 Nh5 25. e5 Qxe5 26. Qd5+ Qxd5 27. Bxd5+
Kh8 28. Rxf8+ Rxf8 29. Bf3 Be2 30. Bxh5 Bxh5 31. Bxd4 Rd8 32. Rc1 h6 33. Bc3
Kh7 34. Nc4 Rd3 35. Ne5 1-0

[Event "SR 2. liga A 2004/2005"]
[Site "?"]
[Date "2005.02.05"]
[Round "8.7"]
[White "Mandak, Miroslav"]
[Black "Sefcik, Marek"]
[Result "0-1"]
[WhiteElo "2051"]
[BlackElo "1961"]
[PlyCount "74"]
[EventDate "2004.??.??"]

1. e4 Nc6 2. d4 e5 3. d5 Nce7 4. Nf3 Ng6 5. Bd3 Bc5 6. Bd2 d6 7. b4 Bb6 8. a4
a5 9. c3 Nf6 10. h3 O-O 11. Na3 c6 12. dxc6 bxc6 13. O-O d5 14. Re1 Re8 15. b5
dxe4 16. Bxe4 Nxe4 17. Rxe4 f5 18. Re1 e4 19. Nd4 cxb5 20. Naxb5 Ne5 21. Qb3+
Kh8 22. Rad1 Nd3 23. Rf1 f4 24. Qf7 Rf8 25. Qh5 Rf6 26. Qg5 Qg8 27. Kh2 Bb7 28.
Bc1 Rd8 29. Ba3 Rd5 30. Qh4 Qb8 31. g3 Nxf2 32. Rd2 e3 33. Re2 fxg3+ 34. Qxg3
Qxg3+ 35. Kxg3 Rg5+ 36. Kh4 Rg2 37. Rxe3 Rh6# 0-1

[Event "SR 2. liga A 2004/2005"]
[Site "?"]
[Date "2005.02.05"]
[Round "8.7"]
[White "Pericka, Tomas"]
[Black "Galan, Anton"]
[Result "0-1"]
[WhiteElo "1647"]
[BlackElo "1917"]
[PlyCount "88"]
[EventDate "2004.??.??"]

1. e4 Nf6 2. Nc3 d5 3. exd5 Nxd5 4. Bc4 Nf6 5. Nf3 Nc6 6. d4 Bg4 7. Be2 e6 8.
Be3 Bb4 9. O-O a6 10. Qd3 h6 11. a3 Bf5 12. Qd1 Bd6 13. Bd3 Ne7 14. Re1 c6 15.
Qd2 Qc7 16. Ne2 Bxd3 17. Qxd3 O-O 18. Ng3 Ng6 19. Ne4 Be7 20. Nc5 Nf4 21. Bxf4
Qxf4 22. Ne4 Rfd8 23. Nxf6+ Bxf6 24. Re4 Qf5 25. Qe3 Rd7 26. c3 Qb5 27. b4 a5
28. Qc1 axb4 29. axb4 Rxa1 30. Qxa1 b6 31. Qe1 c5 32. dxc5 bxc5 33. bxc5 Qxc5
34. c4 Qa3 35. h3 Qb3 36. Qe2 Qd1+ 37. Qxd1 Rxd1+ 38. Kh2 Rc1 39. Kg3 Kf8 40.
Kf4 Ke7 41. Ne5 Rc2 42. Nd3 Bg5+ 43. Kg3 Rc3 44. Rd4 Bf6 0-1